Моделювання економічних процесів ринкової економіки (Запис № 322290)

МАРК-запис
000 -Лідер
fixed length control field 01467nam a22002657a 4500
001 - Контрольний номер
control field 35982
003 - Ідентифікатор контрольного номера
control field UA-OsUOA
005 - Дата та час останнього входження (трансакції)
control field 20230504161229.0
007 - Фіксоване поле фізичного опису
fixed length control field ta
008 - Елементи даних фіксованої довжини – загальна інформація
fixed length control field 20060110b un ||||| |||| 00| 0 ukr d
020 ## - Міжнародний стандартний книжковий номер (ISBN)
Міжнародний стандартний книжковий номер (ISBN) (НП) 966-608-358-2
040 ## - Джерело каталогізації
Агенція оригінальної каталогізації UA-OsUOA
Мова каталогізації ukr
Агенція, яка здійснювала перезапис UA-OsUOA
Агенція, яка здійснювала модифікацію UA-OsUOA
041 ## - Код мови
Код мови тексту/ звукової доріжки чи окремого заголовка (П) ukr
080 ## - Індекс Універсальної десяткової класифікації
Індекс Універсальної десяткової класифікації (УДК) (НП) 330.342.146
090 ## - Локальний шифр розміщення
Класифікаційний індекс УДК 330.342.146
Авторський знак (НП) М20
100 ## - Основне введення – ім’я особи
Ім’я особи (НП) Малиш Н. А.
245 ## - Відомості про назву
Назва (НП) Моделювання економічних процесів ринкової економіки
Решта назви (НП) навчальний посібник
260 ## - Публікація, розповсюдження і т.п. (Вихідні дані)
Місце публікації, розповсюдження і т.п. (П) К.
Ім’я/ наймення видавництва, розповсюджувача і т.п. (П) МАУП
Дата публікації, розповсюдження і т.п. (П) 2004
300 ## - Фізичний опис
Обсяг 120 с.
520 ## - Резюме і т.п.
Резюме, реферат, анотація, тощо (НП) У пропонованому посібнику викладено основні моделі ринкової економіки. До кожного розділу подаються тести та задачі, рекомендована література. Посібник містить інструментарій економічного аналізу, приклади його застосування та вдало поєднує вивчення математичних інструментів з економікою. Для студентів вищих навчальних закладів, аспірантів і докторантів.
650 #7 - Додаткове предметне введення – тематичний термін
Тематичний термін чи географічна назва, як елемент введення (НП) 330 Економіка взагалі
Джерело заголовка чи терміна UDC
942 ## - Додаткові елементи входу (Коха)
Тип елемента Koha Книги
Source of classification or shelving scheme Universal Decimal Classification
955 ## - Код типу видання за змістом
Код типу видання за змістом (НП) Навчальні видання
Фонди
Стан вилучень Стан втрат Джерело класифікації або схеми стелажів Стан уражень Не для кредиту Постійне місце розташування Поточне розміщення Дата придбання Джерело придбання Вартість, звичайна ціна покупки Інвентарний номер Усього замовленно Повний номер виклику Штрих-код Дата останнього перегляду Ціна ефективна від Тип елемента Koha
    Universal Decimal Classification     ЧЗ - Читальна зала ЧЗ - Читальна зала 10/01/2006 159/2005 11.50 89772   330.342.146 М20 89772 07/02/2022 10/01/2006 Книги